Alle Städte in Mittelfranken - Statistiken

Allgemein
  • Dieses Quiz wurde 35 mal gespielt
  • Das Durchschnittsergebnis liegt bei 18 aus 45
Antwortstatistiken
Kreis Einwohner Stadt % Korrekt
kreisfrei 529.508 Nürnberg
100%
Roth 25.458 Roth
100%
kreisfrei 40.742 Ansbach
95%
kreisfrei 132.036 Fürth
95%
kreisfrei 115.928 Erlangen
90%
Weißenburg-Gunzenhausen 16.665 Gunzenhausen
90%
Weißenburg-Gunzenhausen 18.345 Weißenburg in Bayern
90%
Neustadt an der Aisch-Bad Windsheim 13.294 Neustadt an der Aisch
86%
Erlangen-Höchstadt 13.867 Höchstadt an der Aisch
76%
Ansbach 11.365 Rothenburg ob der Tauber
76%
kreisfrei 40.835 Schwabach
76%
Fürth 26.243 Zirndorf
67%
Neustadt an der Aisch-Bad Windsheim 12.446 Bad Windsheim
62%
Erlangen-Höchstadt 24.237 Herzogenaurach
57%
Nürnberger Land 26.106 Lauf an der Pegnitz
52%
Ansbach 12.551 Feuchtwangen
48%
Nürnberger Land 15.478 Altdorf bei Nürnberg
43%
Fürth 14.866 Stein
43%
Ansbach 12.260 Dinkelsbühl
38%
Fürth 10.438 Langenzenn
38%
Roth 13.654 Hilpoltstein
33%
Neustadt an der Aisch-Bad Windsheim 6.431 Uffenheim
33%
Erlangen-Höchstadt 7.890 Baiersdorf
29%
Nürnberger Land 12.346 Hersbruck
29%
Ansbach 9.692 Heilsbronn
24%
Nürnberger Land 12.529 Röthenbach an der Pegnitz
24%
Weißenburg-Gunzenhausen 13.159 Treuchtlingen
24%
Ansbach 3.099 Merkendorf
19%
Roth 5.196 Spalt
19%
Ansbach 6.414 Wassertrüdingen
19%
Ansbach 6.114 Windsbach
19%
Ansbach 3.282 Wolframs-Eschenbach
19%
Roth 5.547 Abenberg
14%
Roth 7.154 Greding
14%
Ansbach 8.295 Herrieden
14%
Fürth 17.647 Oberasbach
14%
Ansbach 1.720 Ornbau
14%
Neustadt an der Aisch-Bad Windsheim 4.583 Scheinfeld
14%
Weißenburg-Gunzenhausen 3.897 Ellingen
10%
Weißenburg-Gunzenhausen 3.942 Pappenheim
10%
Neustadt an der Aisch-Bad Windsheim 3.512 Burgbernheim
5%
Roth 4.684 Heideck
5%
Ansbach 5.570 Leutershausen
5%
Ansbach 2.770 Schillingsfürst
5%
Nürnberger Land 1.712 Velden
5%
Keine übereinstimmenden Quizze gefunden
Verteilung der Resultate
Anzahl Personen mit jedem Resultat
Perzentil nach korrekt beantworteten Fragen
Ihre Resultats-Entwicklung
Sie haben dieses Quiz noch nicht gespielt